<?xml version="1.0" encoding="UTF-8"?>
<record
    xmlns:xsi="http://www.w3.org/2001/XMLSchema-instance"
    xsi:schemaLocation="http://www.loc.gov/MARC21/slim http://www.loc.gov/standards/marcxml/schema/MARC21slim.xsd"
    xmlns="http://www.loc.gov/MARC21/slim">

  <leader>00541nam a2200181Ia 4500</leader>
  <controlfield tag="008">151018s9999    xx            000 0 und d</controlfield>
  <datafield tag="082" ind1=" " ind2=" ">
    <subfield code="b">RBASDV3238</subfield>
    <subfield code="a">891.462</subfield>
  </datafield>
  <datafield tag="100" ind1=" " ind2=" ">
    <subfield code="a">&#x936;&#x93E; &#x928;&#x93F; &#x913;&#x915;</subfield>
  </datafield>
  <datafield tag="245" ind1=" " ind2=" ">
    <subfield code="a">&#x92D;&#x93F;&#x921;&#x938;&#x94D;&#x924; &#x92E;&#x93E;&#x923;&#x942;&#x938;</subfield>
  </datafield>
  <datafield tag="250" ind1=" " ind2=" ">
    <subfield code="b">2</subfield>
  </datafield>
  <datafield tag="260" ind1=" " ind2=" ">
    <subfield code="b">&#x936;&#x947;&#x920; &#x939;&#x93F;&#x930;&#x91C;&#x940; &#x92E;&#x94B;&#x939;&#x94D;&#x928;&#x91C;&#x940;</subfield>
    <subfield code="c">1944</subfield>
  </datafield>
  <datafield tag="300" ind1=" " ind2=" ">
    <subfield code="a">154</subfield>
  </datafield>
  <datafield tag="600" ind1=" " ind2=" ">
    <subfield code="a">&#x936;&#x93E; &#x928;&#x93F; &#x913;&#x915;</subfield>
  </datafield>
  <datafield tag="630" ind1=" " ind2=" ">
    <subfield code="a">&#x92D;&#x93F;&#x921;&#x938;&#x94D;&#x924; &#x92E;&#x93E;&#x923;&#x942;&#x938;</subfield>
  </datafield>
  <datafield tag="700" ind1=" " ind2=" ">
    <subfield code="a">&#x936;&#x93E; &#x928;&#x93F; &#x913;&#x915;</subfield>
  </datafield>
  <datafield tag="730" ind1=" " ind2=" ">
    <subfield code="a">&#x92D;&#x93F;&#x921;&#x938;&#x94D;&#x924; &#x92E;&#x93E;&#x923;&#x942;&#x938;</subfield>
  </datafield>
  <datafield tag="942" ind1=" " ind2=" ">
    <subfield code="c">BOOK</subfield>
  </datafield>
  <datafield tag="999" ind1=" " ind2=" ">
    <subfield code="c">1005651</subfield>
    <subfield code="d">1005648</subfield>
  </datafield>
  <datafield tag="952" ind1=" " ind2=" ">
    <subfield code="0">0</subfield>
    <subfield code="1">0</subfield>
    <subfield code="4">0</subfield>
    <subfield code="7">0</subfield>
    <subfield code="a">RBASDV</subfield>
    <subfield code="b">RBASDV</subfield>
    <subfield code="d">1960-11-22</subfield>
    <subfield code="g">7.00</subfield>
    <subfield code="l">0</subfield>
    <subfield code="o">RBASDV3238</subfield>
    <subfield code="p">RBASDV3238</subfield>
    <subfield code="r">2015-10-18 00:00:00</subfield>
    <subfield code="v">7.00</subfield>
    <subfield code="w">2015-10-18</subfield>
    <subfield code="y">BOOK</subfield>
  </datafield>
</record>
